Guía para una vida activa
Đã lưu trong:
| Tác giả của công ty: | |
|---|---|
| Định dạng: | Sách |
| Ngôn ngữ: | Tiếng Tây Ban Nha |
| Được phát hành: |
Santiago
Comisión de Actividad Física del Consejo VIDA CHILE
2004
|
| Phiên bản: | 2a. ed |
| Những chủ đề: | |
| Các nhãn: |
Thêm thẻ
Không có thẻ, Là người đầu tiên thẻ bản ghi này!
|
MARC
| LEADER | 00000nam a2200000 a 4500 | ||
|---|---|---|---|
| 001 | UCK5365 | ||
| 003 | CL-VaPUC | ||
| 008 | 050722e20041200CL |||||||||||||||||spa|d | ||
| 082 | 0 | 4 | |a 613.71 |b COM |2 21 |
| 110 | 2 | |a Comisión de Actividad Física del Consejo VIDA CHILE |e author |9 494116 | |
| 245 | 1 | 0 | |a Guía para una vida activa |
| 250 | |a 2a. ed | ||
| 300 | |a 119 p | ||
| 942 | |c BK | ||
| 945 | |d 20050722 00:00:00 |a cmena | ||
| 260 | |a Santiago |b Comisión de Actividad Física del Consejo VIDA CHILE |c 2004 | ||
| 650 | 0 | |a Actividad física |9 362156 | |
| 650 | 0 | |a Deportes |9 224367 | |
| 650 | 0 | |a Ejercicio físico |9 312599 | |
| 651 | 7 | |a CHILE |2 CL-VaPUC |9 494117 | |
| 583 | |a last modification |c 20050722 00:00:00 |k Rodrigo Vera | ||
| 999 | |c 313938 |d 313936 | ||
| 952 | |0 0 |1 0 |4 0 |6 613_710000000000000_COM_2004 |7 0 |8 A |9 385750 |a BIBEDU |b BIBEDU |c ES_NOD |d 2019-11-22 |i 4135768 |l 2 |o 613.71 COM 2004 |p 4135768 |r 2023-10-23 |s 2023-10-18 |w 2019-11-22 |y BK |k EFI | ||
| 952 | |0 0 |1 0 |4 0 |6 613_710000000000000_COM_2004 |7 0 |8 A |9 385751 |a BIBEDU |b BIBEDU |c ES_NOD |d 2019-11-22 |i 4135776 |o 613.71 COM 2004 |p 4135776 |r 2023-08-09 |w 2019-11-22 |y BK |k EFI | ||
| 952 | |0 0 |1 0 |4 0 |6 613_710000000000000_COM_2004 |7 0 |8 A |9 385752 |a BIBEDU |b BIBEDU |c ES_NOD |d 2019-11-22 |i 4135784 |o 613.71 COM 2004 |p 4135784 |r 2023-08-09 |w 2019-11-22 |y BK |k EFI | ||